[Event "Ambalangoda Dhamso op 2nd"]
[Site "Ambalangoda"]
[Date "2012.04.21"]
[Round "6"]
[White "Lamahewa, C."]
[Black "Ranasinghe, PM."]
[Result "1-0"]
[WhiteElo "1853"]
[BlackElo "1682"]
[PlyCount "85"]
[EventDate "2012.04.19"]
[EventType "swiss"]
[EventRounds "9"]
[EventCountry "SRI"]
[SourceTitle "CBM 148 Extra"]
[Source "ChessBase"]
[SourceDate "2012.06.22"]
[SourceVersion "1"]
[SourceVersionDate "2012.06.22"]
[SourceQuality "1"]

1. e4 e5 2. f4 exf4 3. Nf3 d5 4. exd5 Nf6 5. Be2 Nxd5 6. 0-0 Be7 7. c4 Nf6 8. d4 c6 9. Bxf4 0-0 10. Nc3 Bf5 11. Ne5 Nbd7 12. Bd3 Bg6 13. Nxg6 fxg6 14. Be2 Qb6 15. Na4 Qd8 16. Nc3 Qb6 17. Na4 Qd8 18. g4 Nb6 19. Nc3 Ne8 20. Qd2 Bf6 21. Rad1 Nc7 22. g5 Be7 23. Qe3 Qd7 24. d5 cxd5 25. c5 Nc8 26. Nxd5 Nxd5 27. Bc4 Qg4+ 28. Kh1 Kh8 29. Bxd5 Qd7 30. Qe5 Qb5 31. Bxb7 Rb8 32. c6 Bxg5 33. Rfe1 Bxf4 34. Qxf4 Nb6 35. c7 Rbc8 36. Bxc8 Qc6+ 37. Kg1 Qc5+ 38. Qd4 Qg5+ 39. Kh1 Nxc8 40. Qd8 Qf5 41. Qxf8+ Qxf8 42. Rd8 Kg8 43. Ree8 1-0